000 01364cam a2200241 4500500
005 20260208005140.0
041 _afre
042 _adc
100 1 0 _aShostak, Debra
_eauthor
245 0 0 _aRepresenting “Roth”
260 _c2021.
500 _a57
520 _aCet article explore les projections fantasmées de la persona rothienne, telle qu’elle fonctionne en tant que figure de l’artiste dans les films Listen Up Philip (2014) d’Alex Ross Perry et The Humbling (2014) de Barry Levinson, ainsi que dans deux installations de Bryan Zanisnik, Every Inch a Man (2012) et Philip Roth Presidential Library (2016, 2017). Si ces œuvres paraissent à première vue proposer une image “rothienne” de l’artiste en tant que mâle transgressif et narcissique, un processus de distanciation éthique y autorise toutefois une réflexion nuancée et empathique sur les ambiguïtés de la création artistique.
690 _aadaptation
690 _aartist figure
690 _aBryan Zanisnik
690 _aethical distance
690 _aListen Up Philip
690 _aRoth persona
690 _aThe Humbling
786 0 _nRevue française d’études américaines | 166 | 1 | 2021-04-26 | p. 75-91 | 0397-7870
856 4 1 _uhttps://shs.cairn.info/journal-revue-francaise-d-etudes-americaines-2021-1-page-75?lang=en&redirect-ssocas=7080
999 _c1650778
_d1650778